000 01685cam a2200445 4500
001 21071
003 VRT
005 20260211163110.0
008 200728s2020 xo gr 010 f slo
015 _aSNBA2021/07
020 _a9788022210980
_q(viazané)
039 9 _a202510131001
_bAUTHORITY
_c202510130939
_dAUTHORITY
_c202107300954
_dmsnk159
_c202107261620
_dmsnk134
040 _aPPPK
_bslo
_cPPPK
_dSNK
_erda
041 1 _aslo
_heng
044 _axo
_cSK
072 7 _a821.111-3
_xAnglická próza, anglicky písaná
_2konspekt
080 _a821.111(94)-31
_22011
080 _a(0:82-312.4)
_22011
100 1 _aWhite, Christian
_4aut
240 1 4 _aThe wife and the widow
_lSlovensky
245 1 0 _aManželka a vdova
_cChristian White ; z anglického originálu The wife and the widow ... preložila Zuzana Močková-Lorková
246 1 _iObálkový podnázov:
_aAko dobre poznáme tých, ktorých milujeme?
250 _aVydanie I.
264 1 _aBratislava
_bTatran
_c2020
300 _a245 strán
_c22 cm
336 _atext
_btxt
_2rdacontent
337 _abez média
_bn
_2rdamedia
338 _azväzok
_bnc
_2rdacarrier
490 1 _aMimo zákona
_v23. zväzok
500 _aObsahuje biografické údaje o autorovi na záložke preblu publikácie
655 7 _aaustrálske romány
_2SNKPH
655 7 _atrilery (romány)
_2SNKPH
655 7 _aAustralian fiction
_2SNKPHeng
655 7 _aThrillers (novels)
_2SNKPHeng
700 1 _aMočková Lorková, Zuzana,
_d1985-
_4trl
830 0 _aMimo zákona
942 _2ddc
_cKLDO
_n0
949 _617A1456098
_asnkSC 193529
_bsnk2021/9256
_o11/2021
_s6100:20210805
949 _617A1456099
_asnkSC 193529 D1
_bsnk2021/9257
_o11/2021
999 _c21071
_d21071